Diccionario de los Salmos
Na minha lista:
| Autor principal: | |
|---|---|
| Formato: | Livro |
| Idioma: | espanhol |
| Publicado em: |
Pamplona
Editorial Verbo Divino
2008
|
| Edição: | 4a. ed |
| coleção: | Cuadernos Bíblicos, 71
|
| Assuntos: | |
| Tags: |
Adicionar Tag
Sem tags, seja o primeiro a adicionar uma tag!
|
MARC
| LEADER | 00000cam a2200000 a 4500 | ||
|---|---|---|---|
| 001 | UCD7029 | ||
| 003 | CL-VaPUC | ||
| 008 | 170303e20080000sp |||||||||||||||||spa|d | ||
| 020 | |a 9788471517036 | ||
| 082 | 0 | 4 | |a 223.2 |b PRE |2 21 |
| 100 | 0 | |a Prévost, Jean-Pierre |e author |9 590975 | |
| 245 | 1 | 0 | |a Diccionario de los Salmos |
| 250 | |a 4a. ed | ||
| 300 | |a 62 p | ||
| 942 | |c BK | ||
| 945 | |d 20170303 17:35:00 |a arojas | ||
| 260 | |a Pamplona |b Editorial Verbo Divino |c 2008 | ||
| 650 | 0 | |a Salmos |9 319607 | |
| 650 | 0 | |a Diccionarios |9 256200 | |
| 583 | |a last modification |c 20170303 17:35:00 |k Rodrigo Vera | ||
| 490 | 0 | |a Cuadernos Bíblicos, 71 | |
| 999 | |c 367196 |d 367194 | ||
| 952 | |0 0 |1 0 |3 erb |4 0 |6 223_200000000000000_PRE_2008 |7 0 |8 A |9 481894 |a BIBTEO |b BIBTEO |i 5362741 |o 223.2 PRE 2008 |p 5362741 |r 2025-01-17 |w 2019-11-24 |y BK |z Catalogado en:20170303 |k ICR | ||